Down Bad - Taylor Swift Lyrics - Statistics

General Stats
  • This quiz has been taken 13 times
  • The average score is 394 of 446
Answer Stats
Answer % Correct
a
100%
at
100%
back
100%
bad
100%
bad)
100%
can
100%
can't
100%
cant
100%
come
100%
cryin
100%
cryin'
100%
do
100%
down
100%
(down
100%
everything
100%
fuck
100%
gym
100%
have
100%
him
100%
I
100%
if
100%
i'm
100%
(i'm
100%
it
100%
just
100%
me
100%
might
100%
no
100%
teenage
100%
tell
100%
the
100%
up
100%
all
89%
alone
89%
and
89%
chosen
89%
clothes
89%
comes
89%
Did
89%
did
89%
die
89%
difference
89%
dust
89%
experiments
89%
for
89%
get
89%
here
89%
in
89%
leave
89%
love
89%
make
89%
my
89%
naked
89%
not
89%
now
89%
of
89%
old
89%
on
89%
one
89%
out
89%
really
89%
stay
89%
take
89%
to
89%
us
89%
was
89%
would
89%
you
89%
beam
78%
came
78%
cloud
78%
cosmic
78%
from
78%
is
78%
knew
78%
moment
78%
pick
78%
same
78%
so
78%
sparkling
78%
then
78%
town
78%
wakin
78%
where
78%
world
78%
bigger
67%
blood
67%
heavenstruck
67%
hollow
67%
(like
67%
like
67%
lost
67%
petulance
67%
say
67%
starin'
67%
talk
67%
than
67%
that
67%
this
67%
twin)
67%
twin
67%
about
56%
dare
56%
how
56%
it's
56%
nuts
56%
sent
56%
sky
56%
some
56%
stranded
56%
they
56%
think
56%
your
56%
encounters
44%
exposures
44%
field
44%
hostile
44%
I'll
44%
leaving
44%
loved
44%
planet
44%
romantic
44%
safe
44%
seems
44%
showed
44%
somehow
44%
takeovers
44%
they'll
44%
understand
44%
build
33%
'cause
33%
closer
33%
fort
33%
indecent
33%
ship)
33%
(wavin'
33%
existance
22%
No matching quizzes found
Score Distribution
Percent of People with Each Score
Percentile by Number Answered
Your Score History
You have not taken this quiz